| 000 | 00512nam a2200205Ia 4500 | ||
|---|---|---|---|
| 008 | 230125s9999 xx 000 0 und d | ||
| 020 | _a9789383202041 | ||
| 041 | _aeng | ||
| 082 |
_a823 _bGOI |
||
| 100 |
_aGoila S _9117529 |
||
| 245 | _aIndia On My Platter | ||
| 260 |
_c2015 _bOm Books International _aNoida,Up |
||
| 300 | _a318p | ||
| 440 | _v1 | ||
| 500 | _aEnglish Literature;Literature; | ||
| 650 | _aEnglish Literature | ||
| 700 |
_aGoila S _9117529 |
||
| 906 | _b29 | ||
| 999 |
_c95365 _d95365 |
||